01459nam a2200373 i 450000100060000000300080000600500170001400600190003100700150005000800410006502000280010603500220013404000310015605000250018708000100021208200140022210000390023624501100027526400490038530000410043433600310047533700330050633800430053950400280058258800830061059001620069365000290085565000320088465500270091670000440094379700180098785600630100599900170106852792FINmELB20241216232424.0m o d | cr cnu||||||||211230s2019 cu ob 000 0 spa d a9789591643476q(e-book) a(OCoLC)1292943729 aFINmELBbspaerdacFINmELB 4aQA276.12bR1753 2019 a519.204a519.52231 aRamos Azcuy, Fridel Julio,eautor.10aIntroducción a los métodos estadísticos /cFridel Julio Ramos Azcuy, Rosa Mayelin Guerra Bretaña. 1aLa Habana :bEditorial Universitaria,c2019. a1 recurso en línea (214 páginas) atextobtxt2rdacontent/spa acomputadorabc2rdamedia/spa arecurso en líneabcr2rdacarrier/spa aIncluye bibliografía. aDescripción basada en metadatos suministrados por el editor y otras fuentes. aRecurso electrónico. Santa Fe, Arg.: elibro, 2021. Disponible vía World Wide Web. El acceso puede estar limitado para las bibliotecas afiliadas a elibro. 0aMathematical statistics. 4aEstadística matemática. 4aLibros electrónicos.1 aGuerra Bretaña, Rosa Mayelin,eautor.2 aelibro, Corp.40uhttps://elibro.net/ereader/politecnicointernacional/123793 c52792d52792